[Event "Ch Germany (juniors) (team)"]
[Site "masterchessopen.com Binz (Germany)"]
[Round "2"]
[White "Roeber Bjoern (GER)"]
[Black "Von Nordheim Thomas (GER)"]
[Result "1-0"]
[WhiteElo "2312"]
[BlackElo "2173"]

1.d4 d5 2.Nf3 Nf6 3.g3 e6 4.c4 dxc4 5.Bg2 Be7 6.Ne5 c6 7.O-O O-O 8.Nxc4 Nbd7
9.Nc3 Nd5 10.e4 Nxc3 11.bxc3 b5 12.Ne3 Bb7 13.a4 a6 14.Qb3 Nb6 15.a5 Nd7 16.e5
Qc7 17.f4 c5 18.Bxb7 Qxb7 19.f5 Qc6 20.Qd1 Rfd8 21.f6 gxf6 22.Ng4 f5 23.Nh6+
Kg7 24.Qh5 Rf8 25.g4 cxd4 26.gxf5 Bc5 27.f6+ Kh8 28.Qg5 dxc3+ 29.Rf2 Bxf2+
30.Kxf2 {#r} 1-0

[Event "It (open)"]
[Site "masterchessopen.com Chania (Greece)"]
[Round "1"]
[White "Inkiov Ventzislav (BUL)"]
[Black "Doleschal Johannes (GER)"]
[Result "1-0"]
[WhiteElo "2465"]
[BlackElo "2019"]

1.d4 Nf6 2.c4 e6 3.Nf3 d5 4.g3 dxc4 5.Bg2 Be7 6.O-O O-O 7.Qc2 Bd7 8.Qxc4 Bc6
9.Nc3 Nbd7 10.Re1 Ne4 11.d5 exd5 12.Nxd5 Ndf6 13.Nxe7+ Qxe7 14.Bf4 Rfd8 15.Nd4
Be8 16.Rad1 c6 17.Qc2 Rd5 18.f3 Rc5 19.Qb3 Ng5 20.Qa3 Nd7 21.h4 Ne6 22.Nxe6
Qxe6 23.Rxd7 Bxd7 24.Qxc5 Qxa2 25.Qe7 Qd5 26.e4 Qd3 {#r} 1-0

[Event "It (open)"]
[Site "masterchessopen.com Limerick (Ireland)"]
[Round "5"]
[White "Baburin Alexander (IRL)"]
[Black "Brady Stephen (IRL)"]
[Result "1-0"]
[WhiteElo "2515"]
[BlackElo "2372"]

1.Nf3 Nf6 2.c4 e6 3.g3 d5 4.Bg2 Be7 5.d4 dxc4 6.O-O O-O 7.Qc2 a6 8.Qxc4 b5
9.Qc2 Bb7 10.Bg5 Nbd7 11.Bxf6 Nxf6 12.Nbd2 Rc8 13.Nb3 Be4 14.Qc3 Bd5 15.Rfc1
Ne4 16.Qe3 c6 17.Ne5 f5 18.f3 Bg5 19.f4 Be7 20.Bxe4 Bxe4 21.Nxc6 Rxc6 22.Rxc6
e5 23.Rac1 exf4 24.Qxf4 Bg5 25.Qe5 Bxc1 26.Rxc1 Re8 27.Qc7 Qg5 28.Qf4 Qh5
29.Qf2 Bd5 30.e3 Qg5 31.Re1 g6 32.Nc5 Qg4 33.b3 a5 34.Qf4 Qh3 35.Re2 Qh5
36.Rd2 Re7 37.Qd6 Qf3 38.Qxe7 Qh1+ 39.Kf2 Bf3 40.Qe8+ Kg7 41.Ne6+ Kf6 42.Nf4
Qxh2+ 43.Kxf3 Qxd2 44.Qxb5 Qxa2 45.Qe5+ Kf7 46.d5 Qxb3 47.d6 Qc4 48.Qe7+ Kg8
49.Qe6+ {#r} 1-0

[Event "Ch Czech Republic (w)"]
[Site "masterchessopen.com Nymburk (Czech Republic)"]
[Round "5"]
[White "Eretova Kveta (CZE)"]
[Black "Ptacnikova Lenka (ISL)"]
[Result "1-0"]
[WhiteElo "2090"]
[BlackElo "2240"]

1.d4 d5 2.Nf3 Nf6 3.c4 e6 4.g3 Be7 5.Bg2 dxc4 6.Qa4+ Bd7 7.Qxc4 Bc6 8.Nc3 O-O
9.O-O Nbd7 10.Qd3 Nd5 11.Nxd5 exd5 12.Bf4 Re8 13.Rac1 Bf6 14.h4 a6 15.Rfe1 h6
16.Nh2 Nf8 17.Ng4 Ne6 18.Nxf6+ Qxf6 19.Be5 Qd8 20.Qd2 f6 21.Bf4 Rc8 22.Bf3 Bb5
23.b3 Re7 24.Rc2 Nxf4 25.Qxf4 Be8 26.Rec1 c6 27.Rc5 Ra8 28.h5 Qb8 29.Qxb8 Rxb8
30.e3 Bd7 31.b4 Kf7 32.Kg2 Ke6 33.a4 Kd6 34.b5 axb5 35.axb5 Ree8 36.bxc6 bxc6
37.Be2 Rb2 38.R1c2 Rb1 39.Bd3 Ra1 40.g4 Rb8 41.Bf5 Rb6 42.Bxd7 Kxd7 43.Kf3 f5
44.gxf5 Rh1 45.Kg4 Rg1+ 46.Kf4 Rh1 47.Ra5 Rb7 48.Ra6 Rc7 49.f3 Rxh5 50.Rg2 Kc8
51.Ra8+ Kb7 52.Rg8 Rf7 53.e4 dxe4 54.fxe4 g5+ 55.Ke5 {#r} 1-0

[Event "It (cat.4) \"]
[Site "masterchessopen.com Prague (Czech Republic)"]
[Round "6"]
[White "Pribyl Josef (CZE)"]
[Black "Pribyl Martin (CZE)"]
[Result "0-1"]
[WhiteElo "2420"]
[BlackElo "2360"]

1.d4 e6 2.Nf3 Nf6 3.g3 d5 4.Bg2 Be7 5.c4 dxc4 6.Qa4+ Bd7 7.Qxc4 Bc6 8.O-O O-O
9.Nc3 a6 10.a3 b5 11.Qd3 Nbd7 12.Rd1 Bb7 13.Qc2 Qc8 14.b4 Nb6 15.Bf4 Nbd5
16.Nxd5 Nxd5 17.Bg5 Qd8 18.Bxe7 Qxe7 19.Ne5 a5 20.Qc5 Qd6 21.Rac1 axb4 22.axb4
Ra4 23.Nd3 Qb6 24.Qxb6 cxb6 25.Rd2 Ba8 26.Rb2 h6 27.e3 Nf6 28.Bxa8 Rfxa8
29.Rc6 Ra3 30.Ne5 Nd5 31.Nd7 Kh7 32.h4 h5 33.e4 Nc3 34.Rxb6 Na4 35.Rc2 Nxb6
36.Nxb6 R8a6 37.Nd7 Rd6 38.Rc7 Ra8 39.Ne5 f6 40.Nf3 Kg6 41.Rc5 Rb6 42.Ne1 Ra1
43.Kf1 Rb1 44.Ke2 Rxb4 45.Nd3 Rxd4 46.Nf4+ Kh7 47.Rxh5+ Kg8 48.Ke3 Rd7 49.Rc5
Kf7 50.h5 Rb8 51.Rc6 b4 52.Rc2 b3 53.Rb2 Ra7 54.Nd3 Ra2 55.Rb1 Ke7 56.g4 Rc2
57.Ne1 Rc3+ 58.Kd2 Rh3 59.f3 Rh2+ 60.Kc3 Rc8+ 61.Kb4 Rh1 {#R} 0-1

[Event "It \"]
[Site "masterchessopen.com Reno (USA)"]
[Round "0"]
[White "Jacobi Steve (USA)"]
[Black "Arganian David (USA)"]
[Result "0-1"]
[WhiteElo "2305"]
[BlackElo "2088"]

1.c4 Nf6 2.g3 e6 3.Bg2 d5 4.d4 dxc4 5.Nf3 Be7 6.Qa4+ Nbd7 7.Qxc4 O-O 8.O-O a6
9.Qc2 Rb8 10.e4 c5 11.Bf4 Ra8 12.Rd1 cxd4 13.Bc7 d3 14.Rxd3 Qe8 15.Nc3 Nc5
16.e5 Nxd3 17.exf6 Nb4 18.Qb3 gxf6 19.Rd1 Bd7 20.Bd6 Nd5 21.Rxd5 exd5 22.Nxd5
Bd8 23.Bxf8 Kxf8 24.Qxb7 Bc6 25.Qb4+ Be7 26.Nxe7 Qxe7 27.Qxe7+ Kxe7 28.Nd4
Bxg2 29.Kxg2 Kd6 30.Kf3 Kd5 31.Ke3 Re8+ 32.Kd3 Re1 33.Nc2 Rb1 34.Nb4+ Kd6
35.Kc2 Rf1 36.Nd3 Kd5 37.Kd2 a5 38.Kc2 Kd4 39.Kd2 f5 40.h4 f4 41.gxf4 Ke4
42.a3 Rh1 43.b4 axb4 44.axb4 Rxh4 45.b5 Rh6 46.Ne5 Kxf4 47.Nxf7 Rf6 {#R} 0-1

[Event "It"]
[Site "masterchessopen.com San Jose (Costa Rica)"]
[Round "1"]
[White "Minero Pineda Sergio (CRC)"]
[Black "Estrada Nieto Julian (MEX)"]
[Result "0-1"]
[WhiteElo "2412"]
[BlackElo "2395"]

1.Nf3 d5 2.c4 e6 3.d4 dxc4 4.g3 Nf6 5.Bg2 Be7 6.O-O O-O 7.Qc2 a6 8.Qxc4 b5
9.Qc2 Bb7 10.Bg5 Be4 11.Qc1 Nbd7 12.Nbd2 Bd5 13.Qc2 Rc8 14.Nb3 c5 15.Bxf6 Bxf6
16.dxc5 a5 17.e4 Bxb3 18.Qxb3 Rxc5 19.Rfd1 Qc7 20.Rd2 a4 21.Qb4 Nb6 22.Rad1 a3
23.e5 Be7 24.Qe4 axb2 25.Rxb2 Na4 26.Rxb5 Nc3 27.Rxc5 Bxc5 28.Qd3 Nxd1 29.Qxd1
Rd8 30.Qc2 h6 31.h4 Bb6 32.Qe2 Qc1+ 33.Kh2 Qd1 34.Qb2 Ba7 35.h5 Rb8 36.Qc3
Bxf2 37.Qc6 Qe2 38.a4 Rb2 39.Qc8+ Kh7 40.Nh4 Qxe5 {#R} 0-1

[Event "Ch Mongolia"]
[Site "masterchessopen.com Ulan Bator (Mongolia)"]
[Round "0"]
[White "Enhbat Tegshsuren (USA)"]
[Black "Jigjidsuren Purev (MGL)"]
[Result "1-0"]
[WhiteElo "2290"]
[BlackElo "2330"]

1.d4 d5 2.Nf3 e6 3.c4 Be7 4.g3 dxc4 5.Bg2 Nf6 6.O-O O-O 7.Qc2 a6 8.Qxc4 b5
9.Qc2 Bb7 10.Bg5 Nbd7 11.Nbd2 h6 12.Bxf6 Nxf6 13.a3 Qd6 14.Rfc1 Rfc8 15.Nb3
Be4 16.Qd2 Qd5 17.Nc5 Bxc5 18.Rxc5 Qb7 19.Rcc1 Rd8 20.Qc3 Rac8 21.Qe3 Ne8
22.Qc3 Nd6 23.Rd1 Nf5 24.Rac1 Rd6 25.Ne1 Bxg2 26.Nxg2 Qe4 27.e3 Ne7 28.Qa5 Qb7
29.Qe1 Rcd8 30.Nf4 g5 31.Nd3 Ng6 32.Qf1 Kg7 33.Nc5 Qf3 34.Qg2 Qxg2+ 35.Kxg2
Rb6 36.Nb3 Rd7 37.Rd2 e5 38.Rdc2 exd4 39.exd4 a5 40.Rxc7 Rxc7 41.Rxc7 a4
42.Nc5 Nf8 43.Rb7 Rd6 44.Rxb5 Rxd4 45.Rb4 Rd2 46.Nxa4 Nd7 47.Kf3 Ne5+ 48.Ke3
Rc2 49.h3 f5 50.Rb5 g4 51.h4 Kf6 52.Rc5 Nc4+ 53.Kd4 Nxa3 54.bxa3 Rxf2 55.Rc6+
Kf7 56.Ke5 Rf3 57.Nc3 Rxg3 58.Kxf5 h5 59.Rc7+ Kf8 60.Kg6 Ke8 61.Kxh5 Rg2 62.a4
g3 63.Kg4 Kd8 64.Rc4 {#r} 1-0

[Event "It (open)"]
[Site "masterchessopen.com USA"]
[Round "0"]
[White "Hough Randall D (USA)"]
[Black "Koepcke Richard (USA)"]
[Result "1-0"]
[WhiteElo "1993"]
[BlackElo "2261"]

1.d4 Nf6 2.c4 e6 3.g3 d5 4.Nf3 dxc4 5.Bg2 Be7 6.O-O O-O 7.Ne5 Nbd7 8.Nxc4 c5
9.dxc5 Bxc5 10.Nc3 a6 11.Bf4 Nb6 12.Qxd8 Rxd8 13.Bc7 Nxc4 14.Bxd8 Nxb2 15.Bxf6
gxf6 16.Ne4 Be7 17.Rfc1 Na4 18.Rab1 f5 19.Nd2 Bf6 20.Bxb7 Bxb7 21.Rxb7 Nc3
22.Kf1 Nxa2 23.Rcc7 Rf8 24.Nc4 Nc3 25.Nd6 Nd5 26.Rxf7 Rd8 27.Rfd7 {#r} 1-0

[Event "Ch Iceland"]
[Site "masterchessopen.com Vestmann Islands (Iceland)"]
[Round "7"]
[White "Halldorsson Gudmundur (ISL)"]
[Black "Sigurpalsson Runar (ISL)"]
[Result "1-0"]
[WhiteElo "2255"]
[BlackElo "2229"]

1.d4 Nf6 2.c4 e6 3.g3 d5 4.Bg2 Be7 5.Nf3 dxc4 6.O-O O-O 7.Ne5 c5 8.dxc5 Qc7
9.Nxc4 Qxc5 10.Nbd2 Nc6 11.a3 Rd8 12.b4 Qh5 13.e3 Qg6 14.b5 Nb8 15.Bb2 Nbd7
16.Rc1 Nd5 17.Qe2 a6 18.a4 f6 19.Nb3 axb5 20.axb5 Qe8 21.Bd4 Nf8 22.b6 Qb5
23.Rb1 e5 24.e4 Nb4 25.Be3 Be6 26.Rfc1 Nd3 27.Ncd2 Qb4 28.Rc7 Ra2 29.Qh5 Bf7
30.Qg4 h5 31.Qh3 Be6 32.Qxh5 Rb2 33.Rxb2 Nxb2 34.Bh3 Bf7 35.Qf3 Rd3 36.Nc1 Ra3
37.Kg2 Nc4 38.Nxc4 Bxc4 39.Bc8 Bd8 40.Rxb7 Qe1 41.h4 Qf1+ 42.Kh2 Ba6 43.Bh3
Qb5 44.Rb8 Qe8 45.Qd1 {#r} 1-0

[Event "Ch Lithuania (w)"]
[Site "masterchessopen.com Vilkaviskis (Lithuania)"]
[Round "9"]
[White "Zaksauskaite Daiva (LTU)"]
[Black "Domarkaite Laima (LTU)"]
[Result "0-1"]
[WhiteElo "2110"]
[BlackElo "2135"]

1.d4 Nf6 2.Nf3 e6 3.g3 Be7 4.Bg2 d5 5.c4 dxc4 6.Qa4+ Bd7 7.Qxc4 Bc6 8.Nc3 O-O
9.O-O a6 10.Ne5 Bxg2 11.Kxg2 b5 12.Qd3 b4 13.Na4 Qd5+ 14.Qf3 Ne4 15.e3 f5
16.h4 Bd6 17.Nd3 Qb5 18.Qd1 Nd7 19.b3 Ndf6 20.Nf4 Bxf4 21.gxf4 Nd5 22.f3 Nec3
23.Nxc3 Nxc3 24.Qc2 c5 25.dxc5 Rac8 26.Bd2 Rxc5 27.Rae1 Nd5 28.Qb1 Rfc8 29.e4
Rc2 30.Rf2 Ne7 31.Be3 Qd3 32.Qd1 fxe4 33.Qxd3 exd3 34.Rd1 Rxf2+ 35.Kxf2 Rc2+
36.Rd2 Nd5 37.Rxc2 dxc2 38.Bc1 Nc3 39.Ke3 Nxa2 40.Kd2 Nxc1 41.Kxc1 Kf7 42.Kxc2
Kf6 43.Kd3 Kf5 44.Kc4 Kxf4 45.Kxb4 Kxf3 46.Ka5 e5 47.Kxa6 e4 48.b4 e3 49.b5 e2
{#R} 0-1

[Event "Oberliga Baden 1994/95"]
[Site "masterchessopen.com Baden-Wuerttemberg (Germany)"]
[Round "0"]
[White "Froehlich Peter (GER)"]
[Black "Melcher Wolfgang (GER)"]
[Result "1-0"]
[WhiteElo "2260"]
[BlackElo "2251"]

1.d4 e6 2.c4 Nf6 3.g3 d5 4.Nf3 Be7 5.Bg2 dxc4 6.O-O O-O 7.Qc2 a6 8.a4 Nbd7
9.Nbd2 Rb8 10.Nxc4 Nd5 11.Bd2 b6 12.Nce5 Nxe5 13.Nxe5 Bb7 14.Rfd1 Qd6 15.e4
Nf6 16.Bf4 Qd8 17.Nc6 Bxc6 18.Qxc6 Ne8 19.Rac1 Bg5 20.Bxg5 Qxg5 21.e5 Rd8
22.f4 Qe7 23.Rc4 a5 24.d5 exd5 25.Bxd5 g6 26.Rcd4 Kh8 27.Bf3 Rxd4 28.Rxd4 Ng7
29.Rd7 Qb4 30.Qxc7 Qxb2 31.Rd8 Qb1+ 32.Kf2 Qa2+ 33.Be2 Ne6 34.Rxf8+ Nxf8
35.Qc4 Qxc4 36.Bxc4 Kg7 37.Ke3 Nd7 38.Kd4 Nc5 39.Bb5 h5 40.Kd5 g5 41.fxg5 {#r}
1-0

[Event "It (open)"]
[Site "masterchessopen.com Bratto (Italy)"]
[Round "0"]
[White "Fabbri Mario (ITA)"]
[Black "Righi Egio (SMR)"]
[Result "0-1"]
[WhiteElo "2180"]
[BlackElo "2097"]

1.d4 Nf6 2.c4 e6 3.g3 d5 4.Nf3 Be7 5.Bg2 dxc4 6.Qa4+ Nbd7 7.Qxc4 O-O 8.O-O c5
9.Nc3 Nb6 10.Qb3 Nfd5 11.e4 Nxc3 12.bxc3 Bd7 13.Be3 Ba4 14.Qb2 cxd4 15.cxd4
Bc6 16.Ne5 Ba4 17.Rfc1 f6 18.Nd3 Rb8 19.Nc5 Bxc5 20.dxc5 Nd7 21.Qd4 Bc6 22.Bf4
e5 23.Qc4+ Kh8 24.Be3 Qe7 25.Rd1 Rbc8 26.Bh3 Rc7 27.Rab1 a6 28.Rd6 Re8 29.Rbd1
Nf8 30.a3 g6 31.Bh6 Nd7 32.Qb3 Nxc5 33.Qb6 Na4 34.Qa5 Bb5 35.Rxf6 b6 {#R} 0-1

[Event "It (open)"]
[Site "masterchessopen.com Formia (Italy)"]
[Round "0"]
[White "Lanzani Mario (ITA)"]
[Black "Martorelli Antonio (ITA)"]
[Result "0-1"]
[WhiteElo "2330"]
[BlackElo "2320"]

1.Nf3 Nf6 2.c4 e6 3.g3 d5 4.d4 dxc4 5.Bg2 Be7 6.O-O O-O 7.Qc2 a6 8.Qxc4 b5
9.Qc2 Bb7 10.Bf4 Nc6 11.Nbd2 Nd5 12.Nb3 Nxf4 13.gxf4 Nb4 14.Qc3 Be4 15.a3 Nd5
16.Qc1 Bd6 17.e3 Bxf3 18.Bxf3 Qh4 19.Re1 Rad8 20.Bg2 g5 21.fxg5 Bxh2+ 22.Kf1
Qxg5 23.Nc5 Qg6 24.Qb1 f5 25.Bf3 e5 26.dxe5 Qb6 27.Nd3 c5 28.Ke2 c4 29.Nb4
Nxb4 30.axb4 Bxe5 31.Rd1 Rxd1 32.Qxd1 Bxb2 33.Qd5+ Kh8 34.Rh1 Qd8 35.Rd1 Qxd5
36.Rxd5 Rf6 37.Rd8+ Kg7 38.Ra8 Bc3 39.Bb7 Bxb4 40.Rxa6 Bd6 41.Bd5 c3 42.Bb3
Bc5 43.Ra5 Rb6 44.Ra7+ Kg6 {#R} 0-1

[Event "Ch Moscow (open)"]
[Site "masterchessopen.com Moscow (Russia)"]
[Round "2"]
[White "Ulko Jaroslav (RUS)"]
[Black "Dolinskij Boris (RUS)"]
[Result "1-0"]
[WhiteElo "2310"]
[BlackElo "2348"]

1.d4 d5 2.c4 e6 3.Nf3 dxc4 4.g3 Nf6 5.Bg2 Be7 6.O-O O-O 7.Qc2 Nbd7 8.Qxc4 c6
9.Nc3 Re8 10.Rd1 Bd6 11.e4 Bb8 12.e5 Nd5 13.Ne4 N5b6 14.Qc2 Qe7 15.h4 Nd5
16.a3 Nf8 17.h5 Qd7 18.h6 g6 19.Nh2 Qd8 20.Ng4 Nd7 21.Bg5 Qb6 22.Bf6 Bc7
23.Bg7 Bd8 24.Nd6 Re7 25.Rac1 Bc7 26.Qd2 Bxd6 27.exd6 Re8 28.Bxd5 cxd5 29.Rc7
f5 30.Rxd7 fxg4 31.Re7 Qd8 32.Qg5 Rxe7 33.dxe7 Qe8 34.Be5 Qf7 {#r} 1-0

[Event "It (open)"]
[Site "masterchessopen.com New York (USA)"]
[Round "0"]
[White "Gurevich Dmitry (USA)"]
[Black "Blatny Pavel (CZE)"]
[Result "0-1"]
[WhiteElo "2525"]
[BlackElo "2535"]

1.d4 d5 2.c4 e6 3.Nf3 Nf6 4.g3 dxc4 5.Bg2 Be7 6.O-O O-O 7.Ne5 Nc6 8.Bxc6 bxc6
9.Nxc6 Qd6 10.Qa4 Nd5 11.Qxc4 Bf6 12.Rd1 Bb7 13.Na5 Ba6 14.Qc2 Nb4 15.Qd2 Rfd8
16.Nb3 Bc4 17.Na3 Bxb3 18.axb3 Bxd4 19.e3 Bf6 20.Qxd6 cxd6 21.Bd2 Rab8 22.Bc3
d5 23.Nb1 Rd7 24.Ra4 Be7 25.Kf1 f6 26.Nd2 Kf7 27.Rda1 Rbb7 28.f4 Nc2 29.R1a2
Nxe3+ 30.Ke2 Nf5 31.Nf3 Bc5 32.b4 Bb6 33.g4 Nd6 34.Nd4 Rbc7 35.Ra1 Rc4 36.b5
Rxa4 37.Rxa4 Bxd4 38.Bxd4 Nxb5 39.Bf2 e5 40.fxe5 fxe5 41.Ra6 Nd6 42.Rxa7 Rxa7
43.Bxa7 Ke6 44.Kd3 Nb5 45.Bc5 d4 46.Bf8 g6 47.Ke4 Nd6+ 48.Kf3 Kd5 49.b3 e4+
50.Kf2 Nf7 51.b4 Ne5 52.Kg3 d3 53.Bh6 Nf3 {#R} 0-1

[Event "It (open)"]
[Site "masterchessopen.com San Sebastian (Spain)"]
[Round "0"]
[White "Limeres Cristobal (ESP)"]
[Black "Olaizola Ortega Luis (ESP)"]
[Result "1-0"]
[WhiteElo "2315"]
[BlackElo "2285"]

1.g3 Nf6 2.d4 d5 3.Bg2 e6 4.c4 Be7 5.Nf3 dxc4 6.Qa4+ Nbd7 7.O-O O-O 8.Qxc4 a6
9.Qc2 c5 10.dxc5 Bxc5 11.Nc3 Qe7 12.Ng5 Ba7 13.Nce4 h6 14.Nxf6+ Nxf6 15.Ne4
Nxe4 16.Qxe4 e5 17.Bd2 Re8 18.Bb4 Bc5 19.Bxc5 Qxc5 20.Rac1 Qb6 21.b3 Rb8
22.Rfd1 Be6 23.Qxe5 Bxb3 24.Qb2 {#r} 1-0

[Event "It (open)"]
[Site "masterchessopen.com Vladivostok (Russia)"]
[Round "2"]
[White "Kravtsov Sergey (RUS)"]
[Black "Maksimenko Andrei (UKR)"]
[Result "0-1"]
[WhiteElo "2265"]
[BlackElo "2550"]

1.d4 Nf6 2.c4 e6 3.g3 d5 4.Bg2 Be7 5.Nf3 dxc4 6.Qa4+ Nbd7 7.Qxc4 a6 8.Qc2 O-O
9.O-O c5 10.Rd1 Qc7 11.dxc5 Bxc5 12.Be3 Nd5 13.Ng5 g6 14.Bxd5 exd5 15.Rc1 Qd8
16.Bxc5 Nxc5 17.Qxc5 Qxg5 18.Nc3 Be6 19.Qe3 Qxe3 20.fxe3 Rac8 21.Na4 Rxc1+
22.Rxc1 Rc8 23.Rxc8+ Bxc8 24.Kf2 Kg7 25.b4 Kf6 26.Nc5 Ke5 27.Nb3 Ke4 28.Nd2+
Ke5 29.Nf3+ Kf5 30.h3 f6 31.g4+ Ke6 32.Nd4+ Kd6 33.Kf3 Ke5 34.a4 Bd7 35.a5 f5
36.Nb3 fxg4+ 37.hxg4 Bc8 38.Nc5 h5 39.Nd3+ Kd6 40.g5 Kc6 41.Kf4 Bg4 42.Ke5 h4
43.Kf4 Bxe2 {#R} 0-1

[Event "?"]
[Site "masterchessopen.com Berlin (Germany)"]
[Round "0"]
[White "Gleizerov Evgeny (RUS)"]
[Black "Krogius Nikolai V (RUS)"]
[Result "1-0"]
[WhiteElo "2545"]
[BlackElo "2470"]

1.d4 Nf6 2.c4 e6 3.g3 d5 4.Bg2 dxc4 5.Nf3 Be7 6.Qa4+ Qd7 7.Qxc4 Qc6 8.Qxc6+
Nxc6 9.Nc3 Bd7 10.O-O Nd5 11.Bd2 Nxc3 12.Bxc3 O-O 13.Rfd1 Rfc8 14.Ne5 Nxe5
15.dxe5 Bc6 16.Bxc6 bxc6 17.Rac1 c5 18.Rd7 Kf8 19.Ba5 Rab8 20.b3 Rb7 21.Kg2
Ke8 22.Rd3 Rd8 23.Rxd8+ Kxd8 24.Rc4 Kd7 25.Kf3 Rb8 26.Bd2 Kc6 27.Rg4 Rg8
28.Ra4 Kb6 29.Be3 a6 30.Rf4 Rf8 31.Rg4 Rg8 32.Ke4 h5 33.Rf4 Rf8 34.h4 Kb5
35.Kd3 Rd8+ 36.Kc2 f5 37.exf6 gxf6 38.Rc4 f5 39.Bg5 Rd7 40.Bxe7 Rxe7 41.Rc3
Kb4 42.Rd3 a5 43.Rd8 Kb5 44.Rb8+ Kc6 45.Rh8 c4 46.bxc4 Kc5 47.Kc3 Rd7 48.Ra8
{#r} 1-0

[Event "Czech League 1995/96 (2nd) (c)"]
[Site "masterchessopen.com Czech Republic"]
[Round "4"]
[White "Malis Jiri (CZE)"]
[Black "Jurasek Miroslav (CZE)"]
[Result "1-0"]
[WhiteElo "2156"]
[BlackElo "2270"]

1.c4 Nf6 2.g3 e6 3.Nf3 d5 4.Bg2 Be7 5.d4 dxc4 6.Na3 O-O 7.Nxc4 c5 8.O-O Nc6
9.dxc5 Bxc5 10.a3 Qxd1 11.Rxd1 Ng4 12.e3 e5 13.b4 Be6 14.Nfd2 Bb6 15.Bb2 f6
16.Nxb6 axb6 17.Ne4 Rfd8 18.Nc3 Bb3 19.Bd5+ Bxd5 20.Nxd5 Kf7 21.h3 Nh6 22.Nxb6
Rxd1+ 23.Rxd1 Rd8 24.Rxd8 Nxd8 25.f4 Ke6 26.Kf2 Nhf7 27.e4 g6 28.Ke3 Nd6
29.Kd3 exf4 30.gxf4 f5 31.exf5+ Kxf5 32.Bc1 Ne4 33.Be3 g5 34.Nd5 gxf4 35.Nxf4
Nc6 36.Ne2 Ne5+ 37.Kd4 b5 38.Kd5 Nf6+ 39.Kc5 Ke4 40.Bg5 Kf3 41.Bxf6 Nd7+
42.Kxb5 Nxf6 43.Nc3 {#r} 1-0

[Event "Bayern Regionalliga Southeast"]
[Site "masterchessopen.com Germany"]
[Round "2"]
[White "Lautner Josef (AUT)"]
[Black "Koenig Bernhard (GER)"]
[Result "0-1"]
[WhiteElo "2190"]
[BlackElo "2180"]

1.d4 d5 2.Nf3 e6 3.c4 Nf6 4.g3 Be7 5.Bg2 dxc4 6.O-O Nc6 7.Qa4 O-O 8.Qxc4 Bd7
9.a3 a5 10.Nc3 a4 11.Bf4 Nh5 12.Ne5 Na5 13.Qd3 Nxf4 14.gxf4 Be8 15.Rad1 Bd6
16.Qh3 Qe7 17.Kh1 Bxe5 18.fxe5 f5 19.f4 Nc4 20.d5 exd5 21.Nxd5 Qc5 22.Rd3 Ra6
23.Rc1 b5 24.Ne3 Rh6 25.Qf3 Bf7 26.Nxf5 Rh5 27.Ne3 Qe7 28.Nd5 Qh4 29.Qg3 Bg6
30.Qxh4 Rxh4 31.Ne7+ Kh8 32.Nxg6+ hxg6 33.Rd7 Rhxf4 34.e6 Re8 35.Bh3 g5
36.Rcd1 Nd6 37.Rd5 {#R} 0-1

[Event "It \"]
[Site "masterchessopen.com Jyvaskyla (Finland)"]
[Round "6"]
[White "Veingold Aleksandr (EST)"]
[Black "Norri Joose (FIN)"]
[Result "1-0"]
[WhiteElo "2475"]
[BlackElo "2385"]

1.d4 Nf6 2.Nf3 e6 3.c4 d5 4.g3 dxc4 5.Bg2 Be7 6.Qa4+ Bd7 7.Qxc4 Bc6 8.O-O Nbd7
9.Nc3 O-O 10.Qd3 a6 11.Bg5 Nd5 12.Bxe7 Qxe7 13.e4 Nxc3 14.bxc3 Qa3 15.Rfb1
Rfd8 16.Nd2 Bb5 17.Qe3 Rab8 18.Rb3 Qe7 19.a4 Bc6 20.a5 e5 21.Bf1 exd4 22.cxd4
Nf6 23.d5 Be8 24.Rab1 c6 25.Bxa6 cxd5 26.Rxb7 Rxb7 27.Bxb7 dxe4 28.Nxe4 Ng4
29.Qc5 Qxc5 30.Nxc5 Rd2 31.Ra1 Nxf2 32.Bg2 Bb5 33.Rb1 Ng4 34.Ne4 Ra2 35.Rxb5
Ra1+ 36.Bf1 g6 37.Nc3 Ne3 38.Nb1 Ra2 39.Nc3 Ra1 40.Nb1 Ra2 41.Rb8+ Kg7 42.Rb5
Nc2 43.Bc4 Ra1 44.Kf2 Nd4 45.Rb7 Rxa5 46.Rxf7+ Kh6 47.Rd7 Nf5 48.g4 Ra4 49.Nd2
Nh4 50.Kg3 g5 51.Bd3 Ng6 52.Rd6 Ra3 53.Nc4 Ra7 54.Ne5 Rg7 55.Bf5 {#r} 1-0

[Event "It (open)"]
[Site "masterchessopen.com Kuopio (Finland)"]
[Round "5"]
[White "Karner Hillar (EST)"]
[Black "Jouhki Yrjo Markus (FIN)"]
[Result "0-1"]
[WhiteElo "2325"]
[BlackElo "2250"]

1.d4 Nf6 2.Nf3 e6 3.g3 d5 4.Bg2 Be7 5.c4 dxc4 6.Qa4+ Bd7 7.Qxc4 Bc6 8.Nc3 Nbd7
9.O-O O-O 10.Bg5 h6 11.Bf4 Nb6 12.Qd3 Nbd5 13.Be5 Nxc3 14.bxc3 Be4 15.Qe3 Bd5
16.Qf4 c5 17.Bxf6 Bxf6 18.e4 Bc4 19.Rfd1 Qa5 20.Qe3 cxd4 21.cxd4 Rfd8 22.h4
Rac8 23.g4 Be7 24.g5 hxg5 25.hxg5 g6 26.Ne5 Bb5 27.Ng4 Ba4 28.Nf6+ Kg7 29.Rdb1
b6 30.Rc1 Qb4 31.Qh3 Bxf6 32.Qh6+ Kg8 33.gxf6 Qf8 34.Rxc8 Rxc8 35.Qg5 Kh7
36.Rc1 Rxc1+ 37.Qxc1 Qd8 38.Qa3 Qxd4 39.Qe7 Qd1+ 40.Kh2 Qh5+ 41.Bh3 g5 42.Qf8
Qg6 43.e5 g4 44.Bxg4 Qxg4 45.Qxf7+ Kh8 46.Qf8+ Qg8 47.Qd6 Qh7+ 48.Kg3 Qg6+
49.Kf4 Qh6+ 50.Kf3 Bc6+ 51.Ke2 Bb5+ 52.Kd1 Qh1+ 53.Kd2 {#R} 0-1

[Event "Ch Moscow (open)"]
[Site "masterchessopen.com Moscow (Russia)"]
[Round "8"]
[White "Dolinskij Boris (RUS)"]
[Black "Kunin Vitaly (GER)"]
[Result "1-0"]
[WhiteElo "2210"]
[BlackElo "2320"]

1.d4 Nf6 2.Nf3 e6 3.g3 d5 4.Bg2 Be7 5.c4 dxc4 6.O-O Nc6 7.Qa4 O-O 8.Qxc4 Rb8
9.Nc3 a6 10.Bf4 Nd5 11.e4 Nxf4 12.gxf4 b5 13.Qd3 Bb7 14.Rfd1 f5 15.e5 Nb4
16.Qd2 Qe8 17.a3 Nd5 18.Ne1 Qg6 19.Kh1 Rfd8 20.b4 Bh4 21.Nxd5 Bxd5 22.Bxd5
Rxd5 23.Rac1 Qg4 24.Qe3 Bd8 25.Rd3 Ra8 26.Rc6 Qg6 27.Qd2 Qe8 28.Qc3 Bh4 29.Kg1
Bd8 30.Ng2 Qg6 31.Kh1 Qh5 32.Rxe6 Qe2 33.Kg1 Qa2 34.Ne3 Bh4 35.Rd2 Rc5 36.bxc5
Qxe6 37.d5 Qg6+ 38.Kh1 Qh5 39.Ng2 Bd8 40.Qd3 Qf7 41.Re2 c6 42.e6 Qf6 43.d6 Ra7
44.e7 Bxe7 45.dxe7 Rxe7 46.Qd8+ Kf7 47.Rxe7+ Qxe7 48.Qd4 Qe2 49.h3 Qf3 50.Qd7+
Kf6 51.Kh2 h6 52.Qd4+ Kf7 53.Nh4 Qxa3 54.Qd7+ Kg8 55.Qc8+ Kh7 56.Qxf5+ Kg8
57.Qe6+ Kh7 58.Qxc6 Qb2 59.Kg2 b4 60.Qe4+ Kg8 61.Qc4+ Kh7 62.c6 Qf6 63.c7 Qxh4
64.Qe4+ g6 65.c8=Q {#r} 1-0

[Event "Ch Russia (club) (1 liga)"]
[Site "masterchessopen.com Orel (Russia)"]
[Round "9"]
[White "Djachkov Sergej (RUS)"]
[Black "Platonov Arthouk (KAZ)"]
[Result "1-0"]
[WhiteElo "2285"]
[BlackElo "2140"]

1.d4 Nf6 2.c4 e6 3.g3 d5 4.Bg2 Be7 5.Nf3 dxc4 6.Qa4+ Nbd7 7.Qxc4 a6 8.Qc2 c5
9.O-O O-O 10.Nc3 cxd4 11.Nxd4 Nb6 12.Rd1 Qc7 13.Bg5 Bd7 14.Rac1 Rac8 15.Qb3
Nc4 16.Qxb7 Qxb7 17.Bxb7 Rb8 18.Bc6 Nxb2 19.Bxd7 Ba3 20.Bxf6 Nxd1 21.Rxd1 gxf6
22.Rd3 Bb2 23.Nc6 Rb7 24.Na4 Ra8 25.Ne7+ Kf8 26.Bc6 Rb4 27.Bxa8 Rxa4 28.Nc8
Rxa2 29.Rd7 Ba3 30.Bf3 a5 31.Bh5 Ke8 32.Rxf7 {#r} 1-0

[Event "Ch Iceland (team) 1996/97"]
[Site "masterchessopen.com Reykjavik (Iceland)"]
[Round "0"]
[White "Ivanov Mikhail M (RUS)"]
[Black "Arnason Arni A (ISL)"]
[Result "1-0"]
[WhiteElo "2465"]
[BlackElo "2134"]

1.Nf3 Nf6 2.c4 e6 3.d4 d5 4.g3 dxc4 5.Bg2 Be7 6.Qa4+ Bd7 7.Qxc4 Bc6 8.Nc3 O-O
9.Qd3 Nbd7 10.O-O b6 11.Rd1 Bb7 12.e4 a5 13.Bf4 Nh5 14.Be3 Ba6 15.Qc2 Qb8
16.e5 g6 17.d5 exd5 18.Nxd5 Bc5 19.Bxc5 Nxc5 20.g4 Ng7 21.Nf6+ Kh8 22.Qc1 Ne8
23.Qh6 Nxf6 24.exf6 Ne6 25.Ng5 {#r} 1-0

[Event "Ch Spain (team)"]
[Site "masterchessopen.com Ampuriabrava (Spain)"]
[Round "0"]
[White "Rojo Gomez Jorge (ESP)"]
[Black "Rodriguez Orestes (ESP)"]
[Result "0-1"]
[WhiteElo "2305"]
[BlackElo "2425"]

1.d4 d5 2.c4 e6 3.Nf3 Nf6 4.g3 dxc4 5.Bg2 Be7 6.O-O Nbd7 7.Qa4 a6 8.Qxc4 b5
9.Qc6 Ra7 10.Bf4 Bb7 11.Qc2 Be4 12.Qc1 c5 13.dxc5 Bxc5 14.Nbd2 Bd5 15.Nb3 Bb6
16.Qc3 O-O 17.Rad1 Qa8 18.Ne1 Ne4 19.Bxe4 Bxe4 20.Be3 Rc8 21.Qd2 Rac7 22.Bxb6
Nxb6 23.Rc1 Nc4 24.Qc3 a5 25.Nf3 b4 26.Qd4 Rd8 27.Rxc4 Rxd4 28.Rxc7 Rd8
29.Rfc1 Bxf3 30.exf3 Qxf3 31.Nd4 Qf6 32.Nc6 Re8 33.b3 h5 34.h4 Ra8 35.Rc5 Qf3
36.Ne5 Qd1+ 37.Kg2 f6 38.Ng6 e5 39.Ne7+ Kh7 40.Nf5 Rg8 41.Rxa5 Qd3 42.Ne3 Qe4+
43.Kg1 Ra8 44.Rxa8 Qxa8 45.Nf5 Qxa2 46.Nxg7 Qxb3 47.Nxh5+ Kg6 48.g4 Qd1+
49.Kg2 Qxg4+ 50.Ng3 Qxh4 51.Rg7+ Kxg7 52.Nf5+ Kh7 53.Nxh4 e4 {#R} 0-1